000 00699nam a2200229 a 4500
001 19028
003 CO-ViMGA
008 141112s2004 ck r 000 u spa d
020 _a8427712162
040 _aCO-ViMGA
_bspa
_cCO-ViMGA
082 0 4 _a157.5 G874i
100 1 _aGutierrez Zuloaga, Isabel
_927267
245 1 0 _aIntroducción a la historia de la logopedia
260 _aMadrid :
_bNarcea; 1997
300 _a215 p.
490 _aEducación Hoy - estudios
590 _aForma de adquisición : Proyecto 2005 - - Precio :
_ 83.700
650 1 4 _aAUDICION Y LENGUAJE
_927268
650 1 4 _aHABLA - TRASTORNOS Y TRATAMIENTO
_927269
650 1 4 _aLOGOPEDIA - HISTORIA
_927270
942 _2ddc
_cBK
999 _c28215
_d28215